Estatísticas para Capitais Brasileiras Quiz de Mapa

Clique aqui para jogar o quiz

Estatísticas Gerais

  • Esse quiz foi jogado 84 vezes
  • A pontuação média é 22 de 27

Estatísticas das Respostas

Answer % Correto
Manaus
97%
Rio Branco
89%
Florianópolis
89%
São Paulo
89%
Brasília
89%
Goiânia
87%
Belo Horizonte
87%
Porto Alegre
87%
Campo Grande
87%
Palmas
87%
Curitiba
85%
Rio de Janeiro
85%
Belém
84%
Salvador
84%
Vitória
82%
Macapá
82%
Porto Velho
81%
Cuiabá
81%
São Luís
79%
Teresina
79%
Fortaleza
76%
Natal
76%
Aracaju
74%
Recife
73%
João Pessoa
68%
Boa Vista
68%
Maceió
66%

Distribuição das Pontuações

Percentil de Números Respondidos

Porcentagem de Pessoas com Cada Pontuação

Sua Pontuação Histórica

Você não jogou esse quiz